|
|
|
|
| LEADER |
00000nam a22000007a 4500 |
| 005 |
20181103000258.0 |
| 007 |
cr|||| |||| |
| 008 |
181103s2018 br |||||s|||| 00||0 por d |
| 020 |
|
|
|a 978-85-361-9735-7
|
| 035 |
|
|
|a 22335
|
| 040 |
|
|
|a vLex
|
| 090 |
|
|
|c 8282
|d 8282
|
| 100 |
1 |
|
|a Messias Saliba, Tuffi
|
| 245 |
1 |
0 |
|a Manual prt̀ico de higiene ocupacional e PPRA
|h [Recurso electrn̤ico] :
|b Avaliaȯ̂ e Controle dos Riscos Ambientais 2018 /
|c Tuffi Messias Saliba
|
| 256 |
|
|
|a Servicio en ln̕ea
|
| 260 |
|
|
|a San Pablo:
|b LTR,
|c 2018
|
| 300 |
|
|
|a 1 recurso electrn̤ico
|
| 500 |
|
|
|a Este livro aborda de maneira objetiva os procedimentos e a metodologia do reconhecimento, avaliaȯ̂ e controle dos agentes ambientais, bem como os programas normalizados sobre o tema, especialmente o PPRA.
|
| 506 |
1 |
|
|a Disponible solo en los productos indicados
|d vLex Global
|d vLex Global (Academic Edition, excluding Law Schools)
|d vLex Global (U.S. Academic Edition, Law Schools)
|d vLex Global (U.S. Academic Edition, excluding Law Schools)
|d vLex Global (Academic Edition, Law Schools)
|
| 650 |
0 |
4 |
|a Prevencin̤ de Riesgos Laborales
|z Brasil
|
| 650 |
0 |
4 |
|a Seguridad y Salud Laboral
|z Brasil
|
| 740 |
0 |
|
|a vLex Libros (Servicio en ln̕ea)
|
| 856 |
4 |
0 |
|u http://vlex.com/source/manual-pratico-de-higiene-ocupacional-e-ppra-avalia-o-e-controle-dos-riscos-ambientais-2018-22335
|z Acceso restringido
|
| 942 |
|
|
|c BOOK
|
| 999 |
0 |
|
|a Prevention of Labor Risks
|
| 999 |
0 |
|
|a Occupational Health and Safety
|